000 00671nam a22001577a 4500
005 20250811104323.0
008 250811b |||||||| |||| 00| 0 eng d
050 _aTHE JF 1525 .C58 O85 2019
_bC.1
100 _aOtieno, Collins Opondo
245 _aTowards a Social Media Strategy for Effective Government Communication: A Case of Migori County Government, Kenya
260 _aKisii
_bKisii University
_c2019
300 _axvi, 119p.:ill.
500 _aIncludes bibliographical references
650 _a1. Social media - Government use - Kenya. 2. Government communication systems - Kenya - Evaluation. 3. Local government - Kenya - Migori County.
942 _2lcc
_cREF
999 _c216006
_d216006